Pays ayant - Statistiques

Statistiques générales
  • Ce quiz a été pris 214 fois
  • Le résultat moyen est 12 sur 19
Statistiques - réponses
Pays... Nombre Pays % Correct
Ayant gagné une coupe du monde 8 Brésil, Allemagne, Italie, France, Argentine, Uruguay, Angleterre, Espagne
99%
Pays commençant par la lettre "i" 8 Inde, Indonesie, Iran, Irak, Israel, Italie, Islande, Irlande
99%
Ayant une superficie inférieur à 200km carré 7 Vatican, Monaco, Nauru, Tuvalu, Saint Marin, Liechtenstein, Marshall
97%
Ayant plus de 8000 îles 5 Suède, Finlande, Canada, Indonesie, Australie
93%
Ayant plus d'un milliards d'habitants 2 Chine, Inde
91%
Ayant une température moyenne en dessous de 0 3 Mongolie, Russie, Canada
86%
Ayant une espérance de vie supérieur à 84ans 4 Andorre, Monaco, Saint Marin, Japon,
84%
Pays sans serpent 9 Cap Vert, Marshall, Irlande, Islande, Kiribati, Nouvelle Zélande, Nauru, Tuvalu, Vatican
82%
Ayant une altitude moyenne supérieur à 2000 mètres 5 Tadjikistan, Kirghizistan, Népal, Bhoutan, Lesotho
78%
Etant situé entièrement en dessous du tropique du Capricorne 4 Uruguay, Lesotho, Eswatini, Nouvelle Zélande
72%
Où le vote des femmes est interdit ou restreint localement 3 Vatican, Arabie Saoudite, Brunei
66%
Ayant une capitale commençant par un "Y" 3 Cameroun, Cote d'Ivoire, Nauru
60%
Ayant la lettre "X" dans leur nom 2 Luxembourg, Mexique
52%
Ayant une superficie forestière de plus de 85% du territoire 6 Suriname, Micronesie, Seychelles, Palaos, Gabon, Tuvalu
39%
Ayant une arme à feu sur son drapeau 2 Guatemala, Mozambique
34%
Ayant un taux de suicide supérieur à 25% 3 Lituanie, Russie, Guyana
33%
Ayant un taux d'obésité inférieur à 3% de leur population 5 Afghanistan, Myanmar, Burundi, Corée du Nord, Timor Oriental
21%
Ayant un bilan carbonne négatif 1 Bhoutan
14%
Ayant un PIB inférieur à 100 millions de dollars 1 Tuvalu
14%
Aucun quiz correspondant
Distribution des résultats
% des personnes avec chaque résultat
Percentile par nombre de réponses
Votre historique - résultats
Vous n’avez pas pris ce quiz